[Event "Lee Cup 3rd"]
[Site "Beijing"]
[Date "1996.??.??"]
[Round "7"]
[White "Landa, Konstantin"]
[Black "Atalik, Suat"]
[Result "1/2-1/2"]
[WhiteElo "2570"]
[BlackElo "2525"]
[Annotator "Atalik,S"]
[PlyCount "48"]
[EventDate "1996.08.??"]
[EventType "swiss"]
[EventRounds "11"]
[EventCountry "CHN"]
[SourceTitle "CBM 054 Extra"]
[Source "ChessBase"]
[SourceDate "1996.11.01"]
[SourceVersion "1"]
[SourceVersionDate "1996.11.01"]
[SourceQuality "1"]

1. d4 Nf6 2. Nf3 g6 3. g3 Bg7 4. Bg2 O-O 5. O-O d5 6. Be3 {Goldin} Nc6 $5 (6...
c5 7. dxc5 Ng4 (7... Nc6 8. c3 e5 $44) 8. Bd4 (8. Bc1 Na6 9. h3 Nh6 $5 (9...
Nf6 10. Be3 Nd7 (10... Ne4 11. Bd4 Bxd4 12. Qxd4) 11. c3 (11. Nc3 e6) 11...
Ndxc5)) 8... e5 9. h3 $1 exd4 10. hxg4 Nc6 (10... Bxg4 11. Nbd2 $1 {-10...Nc6
11.Nbd2 Bg4} (11. Nxd4 $6 Qe7 12. Nc3 (12. Bxd5 Rd8 13. Nc3 (13. c4 Nc6 14.
Bxc6 Rxd4) 13... Nc6) 12... Rd8 13. Nxd5 Qxc5 (13... Qe5 $2 14. c3 Rxd5 15. Qb3
$1 $18) 14. Nb3 Qf8 15. c3 Nc6 $44)) 11. Nbd2 (11. g5 Qe7 12. Nbd2 Qxc5 13. Nb3
Qb6 14. Qd2 Bg4) 11... Bxg4 12. Nb3 Qf6 13. Qd2 Rfe8 14. Rad1 Re4 (14... Rac8
15. Rfe1) 15. Nh2 (15. Rfe1 Rae8 16. Nh2 Bxe2 17. Bxe4 Bxd1) 15... Bxe2 16.
Bxe4 Bxf1 17. Bxd5 Bh3) 7. h3 Re8 8. Qc1 $1 $146 (8. Nc3 Ne4 $1) 8... e5 9.
dxe5 Nxe5 10. Nxe5 Rxe5 11. Rd1 Qe7 12. Bd4 (12. c4 dxc4 13. Na3 c3 14. bxc3
Rxe3 $3 (14... Rh5 15. g4 Bxg4 16. hxg4 Nxg4 17. Bf4 Qxe2 18. Qd2 (18. Rd2 Qa6)
18... Qxd2 19. Bxd2 $16 Bf8 20. Bxb7 Rb8 21. Bf3) 15. Qxe3 $8 (15. fxe3 Ne4 16.
Bxe4 Qxe4 17. Rd8+ Bf8 $17 {with the idea of 19...Bh3}) 15... Qxa3 16. Rd8+ Bf8
$13 17. Qe5 (17. Rad1 Kg7 {then 18...Be7-c5}) 17... Kg7 18. Qxc7 Bc5 $3 19.
Rxc8 Rxc8 $1 (19... Qxc3 $6 20. Qxc5 Qxa1+ 21. Qc1 $1 (21. Kh2 Rxc8 22. Qxc8
Qxa2 23. Qxb7 a5 $36) 21... Qxc1+ 22. Rxc1 Re8) 20. Qxc8 Qxc3 21. Kh2 Qxa1 22.
Qxc5 Qxa2 23. Bxb7 a5 $15) 12... Re6 $8 13. c4 dxc4 14. Qxc4 Rd6 15. Nc3 (15.
Kh2 $6 Be6 (15... Ne4 16. Na3 $1 (16. Nc3 Rxd4 17. Rxd4 Bxd4 18. Qxd4 (18. Nd5
$2 Qc5) 18... Nxc3 19. Qxc3 c6 $10) 16... Bxd4 17. Rxd4 Rxd4 18. Qxd4 Nd6 $14)
(15... Qd8 16. Nc3 Ng4+ 17. hxg4 Rxd4 18. Rxd4 (18. e3 Be6 19. Qb5 Rd7 20. Qxb7
Rb8 21. Rxd7 Bxd7 22. Qxa7 Rxb2) 18... Qxd4 19. Qxd4 Bxd4 20. Rd1 Bxf2 (20...
c5 21. e3 Bxg4 22. exd4 Bxd1 23. Nxd1 cxd4 24. Bxb7 Re8 25. Bf3 Rc8 $14) 21.
Rd8+ Kg7 22. Ne4 Be3 $13 23. g5 h6 24. gxh6+ (24. Bh3 Bxh3 25. Rxa8 Bf5 26.
gxh6+ Kxh6 27. Nc3 c6 $44) 24... Kxh6 25. g4 $13) 16. Qb4 Qd8 (16... Qd7 17.
Nc3 (17. Qxb7 Rd8 18. e3 (18. Bxf6 Rxd1 19. Bxd8 Qxd8 $17) 18... c5 19. Bxf6
Rxd1 20. Bxd8 Qxb7 21. Bxb7 Bxb2 $19) 17... Ng4+ 18. hxg4 Rxd4 19. Qxb7 Rd8 20.
e3) 17. Qxb7 (17. Bxb7 Rb8) (17. Nc3 a5 18. Qxb7 Rb8 19. Qa7 (19. Bxf6 Bxf6 20.
Rxd6 cxd6 $17) 19... Ng4+) 17... Rb8 18. Qxa7 Ng4+ 19. hxg4 Bxd4) (15. e4 $2
Nxe4) (15. Na3 Be6 16. Qb4 c6) 15... Be6 16. Qb4 (16. Qa4 $5 c6 17. b4 Nd5 18.
Bxg7 (18. Nxd5 Bxd5 19. Bxg7 Bxg2) 18... Kxg7 19. Nxd5 (19. Ne4 Nb6 20. Qc2
Rxd1+ 21. Rxd1 Qxb4 22. Nc5 Bxa2) 19... Bxd5 $10 (19... cxd5 $5)) 16... c6 17.
Kh2 (17. Bc5 Rxd1+ 18. Rxd1 Qc7 $10) 17... Rd7 $8 18. Bc5 Qd8 19. e4 a5 20. Qa4
h5 $1 $132 21. f4 Bh6 $1 22. e5 Nd5 23. Nxd5 Bxd5 24. Bd6 Be6 $1 (24... Be6 $1
{with the idea of 25...Qb6} 25. Qd4 Bf8 26. Rd2 Bxd6 27. exd6 Qf8 $1 $132)
1/2-1/2

[Event "Olympiad-35"]
[Site "Bled"]
[Date "2002.11.06"]
[Round "11.2"]
[White "Cvitan, Ognjen"]
[Black "Atalik, Suat"]
[Result "1-0"]
[WhiteElo "2562"]
[BlackElo "2575"]
[Annotator "Atalik,S"]
[PlyCount "47"]
[EventDate "2002.10.26"]
[EventType "team-swiss"]
[EventRounds "14"]
[EventCountry "SLO"]
[SourceTitle "CBM 092"]
[Source "ChessBase"]
[SourceDate "2003.02.06"]
[SourceVersion "1"]
[SourceVersionDate "2003.02.06"]
[SourceQuality "1"]
[WhiteTeam "Croatia"]
[BlackTeam "Bosnia&Herzegovina"]
[WhiteTeamCountry "CRO"]
[BlackTeamCountry "BIH"]

1. Nf3 d5 2. g3 c6 3. Bg2 Bg4 4. O-O Nd7 5. d4 {A toothless variation.} e6 6.
Nbd2 Ngf6 7. Re1 Be7 8. e4 O-O $5 {I did not want to play some boring position.
} (8... dxe4 9. Nxe4 Nxe4 10. Rxe4 Bf5 11. Re1 O-O 12. c3 Qb6 13. Qb3 a5 14.
Ne5 Qxb3 15. axb3 Nxe5 16. Rxe5 Bd8 17. Bf4 Bg6 18. Ree1 Bb6 $11) 9. c3 (9. e5
$6 {White should not close the center and make it vulnerable.} Ne8 10. Nf1 Bh5
$1 (10... c5 11. c4 $1 dxc4 12. Ne3) 11. Ne3 Qb6 12. c3 c5 $40) 9... c5 {
Very direct approach.} (9... Bh5 $5) 10. exd5 {Draw offer.} Nxd5 11. Nc4 cxd4
12. Qxd4 Bf5 $1 $146 {Trying to make life dificult for whites queen.} 13. Qd1
$1 {Very solid!} Qc7 $5 {Is this a blunder or not?} (13... Rc8 14. Nh4 $1 Bxh4
15. Nd6 Nxc3 16. bxc3 Bf6 17. Nxc8 Qxc8 $44 (17... Bxc3 $2 18. Ba3)) (13... Nc5
14. Nd4 Bg6 15. Ne5 $14) (13... N7f6 14. Nce5 $14) 14. Nd4 $1 {looks like
black is totally busted but now black pulls out some tactics!} Bg6 $1 15. Bxd5
{Of course this ain't not the only move!} (15. Nxe6 $5 fxe6 16. Rxe6 (16. Bxd5
$2 exd5 17. Rxe7 Qc5 18. Qe1 Rae8 19. Rxe8 Rxe8 20. Ne3 Ne5 $17) 16... N7f6 (
16... Nxc3 17. bxc3 Nc5 18. Rxg6 $5 hxg6 19. Bf4 (19. Bd5+ Kh7) 19... Rxf4 20.
gxf4 Qxf4 21. Qd4 $11) 17. Bxd5 Bf7 (17... Nxd5 18. Qxd5 Bf7 19. Qe5 Qxe5 20.
Rxe5 Bf6 21. Re4 Bd5 22. Nd2 Bxe4 23. Nxe4 $14) 18. Rxf6 Bxf6 19. Nd6 Bxd5 20.
Qxd5+ Kh8 21. Bf4 b6 (21... Qe7 $2 22. Qxb7 Qe2 23. Nf7+ Kg8 24. Qd5 $18) 22.
Qe6 Rad8 $14) 15... exd5 16. Rxe7 dxc4 17. Bf4 $1 {It is a clear sign that
white started to play for a win too.} (17. Nb5 $6 Qb6 18. Qxd7 $2 ({The c pawn
is untouchable yet due to these variations:} 18. Na3 Nf6 19. Nxc4 Qc5) (18. Nd6
Rad8 19. Nxc4 Ne5) 18... Rad8 19. Qxb7 Qxb7 20. Rxb7 Rd1+ 21. Kg2 Be4+ $19) (
17. Ne6 fxe6 18. Qxd7 Qxd7 19. Rxd7 Rad8 20. Rxd8 Rxd8 21. Be3 $11) 17... Qd8
18. Bg5 (18. Nc6 bxc6 19. Qxd7 Qb6 20. Qb7 $11) 18... Nc5 19. Qe2 Qb6 {
Strangely here around I have tought that I had a big advantage.} 20. Rd1 Bd3 $6
{Forcing the matters without having enough backup!} ({I felt like} 20... Rac8
$1 $13 {was the move but only after the game.}) 21. Qe5 {The game is a good
proof that centralisation is very important!} f6 $4 {The worst was that I have
produced this howler after 20 minutes of thinking time and I have thought that
I have the upper hand.} (21... Rad8 $1 22. Be3 $1 (22. Qc7 Qxc7 23. Rxc7 Rxd4
24. Rxc5 (24. cxd4 Ne6 25. Rxb7 $2 Nxg5 26. Rxa7 Nf3+ 27. Kg2 Nxd4 $17) 24...
Re4 25. Rc7 f6 26. Be3 Rf7 $11) 22... f6 (22... Be4 23. Qc7 (23. Rd2 Rd5 24.
Qf4 Qg6) 23... Qxc7 24. Rxc7 Nd3 25. Rd2 Rc8 26. Rxc8 Rxc8 27. Nb5 Ne5 28. Nd4
$11) (22... Nd7 23. Qb5) 23. Qc7 Qxc7 24. Rxc7 Rc8 25. Rxc8 Rxc8 26. Nb5 b6 $1
$11) (21... Bg6 22. Be3) ({Kon ni hodit!} 21... Na4 $4 22. Ne6 $1 $18) (21...
Ne4 $4 22. Rxd3 $1 Nxg5 23. Re3 $18) (21... Rfd8 $2 22. Nf5 $1 $18) 22. Qd5+
Kh8 23. Bh6 $1 $18 {Missing this is equal to resignation.} ({I was building
castles in Spain with} 23. Be3 $2 Rad8 24. Qh5 Bg6 25. Qe2 Qa6 $13) 23... Rg8 {
The final part of my self destruction but it is anyway hopeless.} (23... gxh6
24. Rxd3 Qd8 25. Qxd8 Rfxd8 26. Rde3 $18) 24. Qf7 $1 1-0

[Event "SLO-chT 11th"]
[Site "Bled"]
[Date "2001.10.18"]
[Round "1"]
[White "Mikac, Matjaz"]
[Black "Atalik, Suat"]
[Result "1/2-1/2"]
[WhiteElo "2408"]
[BlackElo "2527"]
[Annotator "Atalik,S"]
[PlyCount "186"]
[EventDate "2001.10.18"]
[EventType "team-tourn"]
[EventRounds "7"]
[EventCountry "SLO"]
[SourceTitle "EXT 2002"]
[Source "ChessBase"]
[SourceDate "2001.11.25"]
[SourceVersion "1"]
[SourceVersionDate "2001.11.25"]
[SourceQuality "1"]
[WhiteTeam "Maribor Branik"]
[BlackTeam "Ptuj"]
[WhiteTeamCountry "SLO"]
[BlackTeamCountry "SLO"]

1. g3 d5 2. Nf3 g6 3. Bg2 Bg7 4. d4 Nf6 5. O-O O-O 6. c3 {A slow continuation.}
Na6 $5 (6... c6 7. Bf4 Bf5 $11 {leads to an equal game.}) 7. Bf4 c5 8. Be5 e6 {
Mixing some setups.} (8... Bf5 9. Nbd2 Qb6 10. Qb3 Ne4 $1 11. Qxd5 $140 $2 Rad8
12. Qb3 Nxd2 13. Nxd2 Bxe5 14. Nc4 Qxb3 15. axb3 Bd6 16. Bxb7 Nc7 $17) 9. Na3 {
Looking for c4.} Bd7 10. dxc5 (10. Bd6 Ba4 $1 {is a cool motif.}) 10... Nxc5
11. c4 Bc6 (11... Qe7 $5 12. cxd5 exd5 $13) 12. Bd4 (12. Nd4 Ncd7 13. Bd6 Re8
14. Nxc6 bxc6 $13) 12... b6 13. Ne5 Bb7 14. cxd5 exd5 $1 {Black should not be
afraid about the isolated d pawn because it restricts whites queen's knight on
a3.} (14... Nxd5 15. Qd2) 15. Rc1 Qe7 (15... Ne6 16. e3) 16. Re1 Rac8 ({
Very active is.} 16... Nfe4 $142 17. Nf3 (17. Ng4 f5 18. Ne3 Rad8 $36) 17...
Bh6 18. e3 Ne6 19. Nb5 a6 20. Nc3 b5 $36) 17. e3 Rfd8 (17... a6 $142 18. Re2 b5
19. Rec2 Ne6 $13) 18. Nb5 a6 $2 {Black goes blind.} ({These two lines are
better.} 18... Ba6 19. Bf1) (18... a5 19. Bh3 Rb8) 19. Nc3 $2 {Timid.} (19. Na7
$1 Rc7 20. b4 Nfe4 (20... Ra8 $6 21. bxc5 bxc5 22. Nac6 $1 {I have
underestimated this.} Bxc6 23. Rxc5 Bb5 (23... Bb7 24. Rxc7 Qxc7 25. Qa1 $16)
24. Rxc7 Qxc7 25. a4 Be8 26. Qa1 Ne4 (26... Qc2 $2 27. Nf3 Ng4 28. Bxg7 Qxf2+
29. Kh1 Nxe3 30. Rg1 Nxg2 31. Bh6 d4 32. Rf1 Qe2 33. Qxd4 Qxf1+ 34. Ng1 f6 35.
Qd5+ Kh8 36. Qb7 $18) 27. Rc1 Qe7 28. Ng4 f5 29. Bxg7 Qxg7 30. Bxe4 dxe4 31.
Nf6+ Kh8 32. Rc7 $1 $18) (20... Nce4 $2 21. Nac6) 21. Ng4 (21. bxc5 bxc5 22. f3
cxd4 23. Nac6 Bxc6 24. Nxc6 Rxc6 25. Rxc6 Nc3 $44) 21... Ne6 (21... f6 22. f3
Ng5 23. bxc5 bxc5 24. Qc2 Ne6 25. Bc3 Ra8 26. Ba5 Rxa7 27. Bxc7 Qxc7 $16) 22.
Rxc7 (22. Bxb6 $2 Rxc1 23. Qxc1 Ra8 $17) 22... Qxc7 23. Bxg7 Nxg7 (23... Kxg7
24. Bxe4 dxe4 25. Qa1+ $16) 24. b5 Ba8 25. Nc6 Bxc6 26. bxc6 Rd6 27. Qd3 $16)
19... b5 {After this black has a space adavantage.} 20. a3 {Unnecessary.} Ne6
21. Nf3 Ne4 22. Bxg7 Kxg7 23. Ne2 Rxc1 24. Qxc1 (24. Nxc1 Qf6) 24... Qf6 $40
25. Ned4 Rc8 26. Qd1 Nxd4 27. exd4 Rc4 28. Rf1 (28. Bf1 Rc7) 28... Qb6 $1 29.
Qb3 f6 $5 (29... Qc7 30. Rd1 $1 {Amazing resource.} (30. Ne5 $2 Rxd4) (30. Qe3
$2 Rc2 31. Ne5 Rxb2 32. Rc1 Rc2 33. Rxc2 Qxc2 $19) 30... Rc2 31. Ne1 Re2 32.
Bxe4 (32. f3 Nxg3 $1 (32... Nd2 33. Qd3 Qe7 34. Nc2 Nc4 35. Bf1 Re6 36. Rb1 $15
) 33. hxg3 (33. Qd3 Qe7) 33... Qxg3 34. Qc3 h5 $17) (32. Bf3 Nd2) 32... Rxe4
33. Nf3 $15) 30. h4 $2 {White goes berserk instead of trying to defend.} (30.
Rd1 a5 $5) 30... Qc7 31. Qe3 Rc2 32. Nh2 $1 {The only counterchance lies in
Nh2-g4 now.} Bc8 $1 {Prophylaxis!} (32... f5 {I have pondered long about this.}
33. h5 $1 (33. Nf3 Rxb2) 33... Rxb2 34. Rc1 Rc2 35. Rxc2 Qxc2 36. Qf4 $44) (
32... Rxb2 33. Ng4 f5 34. Bxe4 fxg4 35. Bg2 $44) (32... h5 33. g4 Rxb2 34. gxh5
gxh5 35. Rc1 Rc2 36. Rxc2 Qxc2 37. Nf1 $132) (32... h6 33. Ng4 g5 34. hxg5 hxg5
35. f4 $132) 33. Bxe4 dxe4 34. d5 $5 {Although it looks like white is giving
up a pawn up a pawn for nothing things are not that simple.} (34. Qxe4 Bb7 (
34... Rxb2 35. Re1 Bf5 36. Qe8 Rb1 37. Rxb1 Bxb1 38. Qe6 $132) 35. d5 Rc5 (
35... Qc5 36. Ng4 Qxd5 37. Qxd5 (37. Qe7+ Qf7 38. Re1 Bf3 (38... h5 $2 39. Nxf6
Qxe7 40. Rxe7+ Kxf6 41. Rxb7 Rxb2 42. Rb6+ Kf5 43. Rxa6 b4 44. axb4 Rxb4 $11)
39. Qd6 $13) 37... Bxd5 38. Ne3 Rd2 39. Nxd5 Rxd5 40. Rc1 $11) (35... Rc4 $6
36. Qe6 Rd4 37. Ng4) (35... Rd2 36. Re1 $1 $132) 36. Rd1 (36. Re1 Bxd5 $15)
36... Qf7 37. Ng4 Rxd5 38. Rxd5 Bxd5 $11) 34... f5 $1 {Although it may be
subject to some positional criticism,I like this move.} 35. Qd4+ $6 {Changing
the diagonal for whites queen could be costly.} (35. h5 Qc5 $1 36. Qg5 Qxd5 (
36... e3 37. Qxe3 Qxe3 38. fxe3 Rd2 (38... Bb7 $6 39. Rd1 Rxb2 40. Nf3 $44 {
The d pawn is tremendously strong.}) 39. Rc1 Bd7 40. Rc5 Kf6 41. Nf3 Rxb2 42.
Rc7 Ke7 43. Ne5 Kd6 44. Rxd7+ Kxe5 45. h6 Kf6 46. Rxh7 Kg5 47. d6 Rd2 48. d7 a5
49. Kf1 b4 50. axb4 axb4 51. d8=Q+ Rxd8 52. Rb7 Kxh6 53. Rxb4 $11) 37. Qe7+ Kh6
38. Qf8+ Kxh5 39. Qe7 Kh6 40. Qf8+ $11) 35... Kg8 36. d6 Qg7 37. Qd5+ Qf7 38.
Qd4 Qc4 39. Qf6 Qe6 40. Qd8+ Kg7 $17 {Black has a serious advantage now.} 41.
Re1 Bd7 42. Nf1 Qxd6 43. Ne3 Rc8 $2 {An unexpected lapse!First round games due
to travel fatigue became thougher for me lately.} (43... Rxb2 $4 44. Rd1 Rd2
45. Nxf5+ gxf5 46. Qg5+ $18) (43... Rd2 $1 {Active rook.} 44. h5 (44. Rc1 $2
Rxf2 45. Qc7 Rd2 $19) 44... Qf6 45. h6+ Kf7 46. Qc7 Qxb2 $19) 44. Qa5 Be8 (
44... f4 45. Rd1 Qe6 46. gxf4 Qh3 47. Qxa6 Bg4 48. f5 $1 Bf3 (48... Bxd1 $2 49.
Qxc8 $18 {White threatens 50.f6 or 50.Qd7 on the next move.}) 49. Rd7+ Kh6 50.
Rxh7+ Kxh7 51. Qxg6+ $11) 45. Rd1 Qf6 {Important square for the queen.} 46. Qd2
$5 ({Disturbing black's queen may easily turn out to be in vain.} 46. Nd5 Qe6
47. Nf4 (47. Qd2 Qe5 48. Nb6 Rc7 49. h5 f4 $1 $40) (47. Nc7 Qc6 48. Nxa6 e3 $19
) 47... Qc6 48. Qb4 Bf7 $17) 46... Qe5 47. Ng2 (47. h5 gxh5 48. Qd6 (48. Qd4 $6
Qxd4 49. Nxf5+ Kf6 50. Nxd4 Bf7 $17) 48... Qxd6 (48... Rc5 49. Qd8 Bg6 50. Rd7+
Kh6 51. Qf8+ Kg5 52. Nd5 Rc1+ 53. Kg2 Rd1 54. Qc5 $1 $16) 49. Nxf5+ Kf8 50.
Rxd6 Rc1+ 51. Kg2 Bc6 52. Nd4 Bb7 53. Rd7 Bc8 54. Rd6 $44) 47... Bf7 (47... h6
48. Nf4) 48. h5 $1 {White does not give up the fight.} gxh5 49. Qg5+ Kh8 50.
Ne3 $2 {This is wrong.The idea behind 48.h5 should be rook assault on the 7th.}
(50. Rd7 Rf8 $5 $13 (50... Rg8 $6 51. Qh6 Qe6 52. Qd2 h4 $1 53. Qd4+ (53. Nxh4
f4 54. Qd4+ Rg7 55. Rd8+ Bg8 56. Rd6 Qc4 57. Qe5 Qc1+ (57... fxg3 $2 58. Nf5
gxf2+ 59. Kxf2 Qc2+ 60. Ke1 $1 Qc1+ 61. Rd1 Qg5 62. Qxg7+ Qxg7 63. Nxg7 Kxg7
64. Rd4 $16) 58. Kh2 $44) 53... Rg7 54. Nf4 Qc4 55. Qe5 e3 $1 56. Nh5 (56. Qxe3
hxg3 57. fxg3 $11) 56... exf2+ 57. Kxf2 hxg3+ 58. Nxg3 $40) (50... Qe6 51. Qd2
$44 (51. Re7 h6 52. Qh4 Qg6 53. Qf4 Kg8 54. Nh4 Qg5 55. Nxf5 Qxf4 56. gxf4 Bb3
57. Nxh6+ Kf8 58. Rxe4 Rc2 59. Nf5 (59. f5 $4 Kg7 $19) 59... Rxb2 $17))) 50...
Rg8 $1 {Black is ready to jettison pawn f5.} 51. Rd8 $2 {Generally speaking
Q+N better collaborates than Q+B but not with two pawns down.} (51. Qxf5 Qxf5
52. Nxf5 Be6 53. Nd6 e3 54. Re1 Rd8 55. Ne4 exf2+ 56. Kxf2 Bg4 $15) 51... Rxd8
52. Qxd8+ Kg7 53. Qg5+ Bg6 54. b4 Kf7 $1 {The majesty also participates in the
game.} 55. Qd8 h4 $1 {Now after this sacrifice black is about to give white
also some weaknesses in the kingside.} (55... f4 56. gxf4 Qxf4 57. Qd7+ Kf8 58.
Qe6 $44) 56. Qd7+ $2 (56. gxh4 $1 {Despite everything white has to go for that.
} Qe7 (56... f4 57. Ng4 Qe7 (57... Qe6 58. Qc7+) (57... Qa1+ 58. Kh2 (58. Kg2
f3+ 59. Kh2 $11) 58... e3 $1 $11 (58... Qxa3 $2 59. Qc7+ Ke6 60. Qe5+ $16)) 58.
Qb8) 57. Qd5+ Qe6 58. Qb7+ Kf8 59. Qb8+ Be8 $15) (56. Qxh4 $2 Qa1+ 57. Kg2 Qxa3
$19) 56... Qe7 57. Qd5+ Qe6 58. Qb7+ ({Most likely the following line does not
help white neither.} 58. gxh4 f4 59. Qb7+ Kf6 60. Nd5+ Ke5 $1 $19 {transposes
to the next note.}) 58... Kf6 {White continously sacrifice a pawn by not
capturing the one en prise.} 59. Nd5+ $6 (59. gxh4 f4 60. Nd5+ Ke5 $1 61. Qc7+
$1 Qd6 $8 62. Qxd6+ Kxd6 63. Nxf4 Ke5 64. Ne2 (64. Nxg6+ hxg6 65. Kf1 Kf5 66.
Ke2 Kf4 $19 {ends up in a hopeless pawn ending.}) 64... Bh5 65. Ng3 Bg4 $1 (
65... Bf3 $2 66. Nf1 Kd4 67. Ne3 Kc3 68. Nd5+ Kb3 69. Nc7 Kxa3 70. Nxa6) 66.
Kf1 (66. Nf1 Kd4 67. Ne3 Be6 68. Kg2 Kc3 69. Kg3 Kb3 70. Kf4 Kxa3 $1 (70... Bf7
$2 71. Kxe4 Kxa3 72. Nd5 Bxd5+ 73. Kxd5 Kxb4 74. f4 Ka4 75. f5 b4 76. f6 b3 77.
f7 b2 78. f8=Q b1=Q 79. Qf4+ Qb4 80. Qc4 $3 $11) 71. Nc2+ Ka4 72. Kxe4 Bb3 73.
Nd4 Kxb4 74. Nxb3 Kxb3 75. f4 Kc4 $1 76. f5 b4 77. f6 b3 78. f7 b2 79. f8=Q
b1=Q+ $19) 66... Kd4 67. Ke1 Kd3 68. Nf1 Kc3 69. Ne3 Be6 $19) 59... Kg5 $19 {
Now it is absolutely gone for white,he is simply two pawns down.} 60. Nf4 Qf6
$4 {I became aware of his next after having produced this howler.} (60... Qd6
$1 {Mikhalchishin.} 61. Qg7 hxg3 62. fxg3 Qd2 (62... e3 63. Ng2 Qxg3 64. Qe7+
Kg4 $19) 63. Qe7+ Kg4 64. Qh4+ Kf3 65. Qh1+ Ke3 $19) ({This also wins but more
complicated.} 60... Qe5 61. Qd7 hxg3 62. fxg3 Kg4 63. Kh2 Qb2+ 64. Ng2 Kf3 65.
Qd1+ Qe2 66. Qb3+ Kf2 67. Qb1 (67. Nf4 Qd2 68. Qb1 Bf7 69. Qg1+ Kf3+ 70. Kh3
Bc4 $19) 67... Bh5 68. Nf4 Qd1 69. Qa2+ Be2 70. Nh3+ Kf1 71. Nf4 e3 $19) 61.
Qc7 $1 {I had simply seen the idea when my opponent was thinking about his
next.} hxg3 62. Nh3+ $1 {The point!No rupture results in whites structure,thus
whites queen and knight controls black's extra pawns.} Kh6 63. Qf4+ $1 (63.
Qxg3 Bh5 {heals partially the problem with the bishop.}) 63... Kg7 64. Qxg3 $15
{Once again the evaluation of the position changes.} h5 $2 {This kills the
last hopes for a win.Black should have kept his pawn on h7.} 65. Kh2 h4 66.
Qc7+ Bf7 67. Nf4 Kh6 68. Qc1 Qg5 69. Qc6+ Kh7 (69... Bg6 70. Qd6 e3 71. Qf8+
Kh7 72. Ne6 Qh6 73. Qe7+ Kg8 74. fxe3 $11 (74. Qd8+ Kf7 75. Ng5+ Kg7 $11 {
is an immediate draw.})) 70. Qc7 Qg7 71. Qe7 Bc4 72. Qd8 $138 {This does not
miss much!} (72. Qxh4+ Qh6 73. Kg3 Qxh4+ 74. Kxh4 Kh6 75. Kg3 Kg5 76. Nh3+ Kf6
77. Kf4 $11) 72... Bf7 73. Qe7 Bb3 (73... Ba2 $142 74. Qd8 Bb1 {is an
improvement after considering what happened in this game.}) 74. Qd8 Bc2 (74...
Qg4 {Unfortunately there is a perpetual after this try.} 75. Qe7+ Kg8 76. Qe8+
Kg7 77. Qe7+ Bf7 78. Ne6+ Kg6 79. Nf8+ Kg7 80. Ne6+ $11) 75. Qxh4+ Qh6 76. Kg3
Qxh4+ 77. Kxh4 Kg7 $5 {Black still tries to do something but with one
difference now he may even lose the game after this.} (77... Kh6 78. Kg3 Kg5
$11) 78. Kg5 Kf7 79. Nd5 Ke6 80. Ne3 Bb1 81. Kf4 Bd3 82. Nxf5 $14 {This
position now is to whites advantage.} Kd5 83. Ke3 Kc4 (83... Bf1 {or}) (83...
Bb1 {is immediate draw.}) 84. Nd4 Kc3 85. Ne6 Bc2 86. Nc5 Kb2 87. Nxa6 Kxa3 88.
f3 $6 $11 {White even does not try to win!} (88. Kd4 Kb3 89. Kc5 Bd3 90. Nc7
Kc3 91. Nxb5+ Kd2 92. Nd4 Ke1 93. f4 exf3 94. Nxf3+ Kf2 95. Ne5 Be4 96. b5 Ke3
97. b6 Bb7 (97... Kf4 $4 98. Nc6 $18) 98. Nc4+ Kf4 99. Nd6 Bg2 $11) 88... exf3
89. Kxf3 Kb3 90. Ke3 Kc4 91. Kd2 Bf5 92. Nc7 Kxb4 93. Nxb5 Kxb5 1/2-1/2

[Event "Cappelle op 19th"]
[Site "Cappelle la Grande"]
[Date "2003.02.23"]
[Round "2"]
[White "Nalbandian, Tigran"]
[Black "Atalik, Suat"]
[Result "1/2-1/2"]
[WhiteElo "2465"]
[BlackElo "2581"]
[Annotator "Atalik,S"]
[PlyCount "56"]
[EventDate "2003.02.22"]
[EventType "swiss"]
[EventRounds "9"]
[EventCountry "FRA"]
[SourceTitle "EXT 2004"]
[Source "ChessBase"]
[SourceDate "2003.11.25"]
[SourceVersion "1"]
[SourceVersionDate "2003.11.25"]
[SourceQuality "1"]

1. d4 Nf6 2. Nf3 d5 3. Bf4 c5 4. e3 Nc6 5. c3 Qb6 6. Qb3 c4 7. Qc2 (7. Qxb6
axb6 8. Na3 Ra5 9. Bc7 Bf5 10. Bxb6 Ra6 11. Bc7 e6 12. Nb5 Be7 $44) 7... Bf5 8.
Qc1 e6 9. Nbd2 Be7 10. Nh4 $6 {This is almost always a wrong one.} (10. Be2 O-O
11. O-O Rfc8 12. b3 $140 cxb3 13. axb3 Nb4 $132) 10... Be4 11. Nhf3 {White
realised that he may effort to lose a move in a closed position.} (11. Nxe4
Nxe4 12. Nf3 g5 13. Bg3 h5 $17) 11... Bg6 12. h3 Ne4 $5 {Once again a pushy
move.I have decided to rush the things up.} (12... O-O 13. Be2 (13. b3 $6 cxb3
14. axb3 Rfc8 15. Qd1 (15. Qb2 a5) 15... Na5 {looks like white is lagging on
development.}) 13... Rfc8 14. O-O Qd8 $15) 13. Nxe4 Bxe4 14. Nd2 Bg6 15. Be2
O-O ({I could even change the move order but anyway whites attempt of having a
kingside attack did not impress me at all during the game.} 15... Qd8 16. O-O
O-O) 16. h4 $5 {A very strange idea but it seems to work.} (16. O-O Qd8 17. b3
b5 18. a4 a6 $11) 16... h6 17. g4 {Draw offer.Is not it a strange one?} Qd8 18.
g5 {The pawn sac looks suspicious but anyway it is the natural outcome of
whites offensive.} (18. Bg3 b5 $17) 18... hxg5 19. hxg5 Bxg5 20. Bxg5 Qxg5 21.
Nf3 Qf6 $1 (21... Qe7 22. Kd2 Be4 23. Qf1 f6 24. Qh3 Kf7 25. Rag1 $44 {and
white has some compensation.}) 22. Kd2 Rfd8 {Black should prepare his king to
evacuate kingside before things get worse on the h line.} (22... Be4 $6 23. Rh3
g6 24. Qh1 b5 25. Qh2 $40) 23. Qg1 Kf8 24. Qg3 Ke7 25. Rag1 Qf5 26. Rc1 Qf6 27.
Rcg1 Qf5 {Suddenly I have convinced myself that white has compensation.} (27...
Kd7 28. Rh4 $1 (28. Nh4 $2 Ne7 29. Nxg6 Nxg6 (29... fxg6 30. Bd1) 30. Kc1 (30.
Bh5 Ne7 31. Bd1 (31. Qxg7 Qxf2+) 31... Kc6 $17 (31... Nf5 32. Ba4+ Kc8)) 30...
Rh8 $17) 28... Rh8 29. Rf4 Qe7 30. Nh4 Bb1 31. Nf3 Bxa2 32. Qxg7 Raf8 33. Ra1
Bb3 (33... Rhg8 34. Ne5+ Nxe5 35. Qxe5 f6 36. Qh5 Bb3 37. Rxa7 Kc7 {and black
suffers from bad bishop.}) 34. Ne5+ Nxe5 35. Rxa7 Kc7 36. dxe5 (36. Qxe5+ $4
Kb6 37. Ra1 f6) 36... Rhg8 37. Qf6 Qxf6 38. Rxf6 Rg1 39. Bh5 Kb6 40. Ra3 Rg7
$11) 28. Rc1 Qf6 {Game drawn due to threefold repetition.} 1/2-1/2